[Event "Wasselonne op"]
[Site "Wasselonne"]
[Date "2009.08.08"]
[Round "5"]
[White "Coyne, Jean Claude"]
[Black "Lersy, Patrick"]
[Result "1/2-1/2"]
[WhiteElo "1610"]
[BlackElo "1549"]
[PlyCount "50"]
[EventDate "2009.08.06"]
[EventType "swiss"]
[EventRounds "7"]
[EventCountry "FRA"]
[SourceTitle "EXT 2011"]
[Source "ChessBase"]
[SourceDate "2010.11.26"]
[SourceVersion "1"]
[SourceVersionDate "2010.11.26"]
[SourceQuality "1"]

1. d4 Nf6 2. c4 e6 3. Nc3 d5 4. Bg5 Be7 5. Nf3 h6 6. Bh4 Bd7 7. Bxf6 gxf6 8. cxd5 exd5 9. Nxd5 Bc6 10. Nxe7 Qxe7 11. a3 Bxf3 12. gxf3 Nd7 13. Rg1 0-0-0 14. Bh3 Kb8 15. Rc1 Rhg8 16. Rg3 Qd6 17. e3 Nb6 18. Qb3 Nd5 19. Bf5 Rg5 20. Be4 f5 21. Rxg5 hxg5 22. Bxd5 Qxd5 23. Qxd5 Rxd5 24. Rc5 Rxc5 25. dxc5 c6 1/2-1/2

[Event "Wasselonne op"]
[Site "Wasselonne"]
[Date "2009.08.07"]
[Round "2"]
[White "Lersy, Patrick"]
[Black "Charlier, Jonathan"]
[Result "0-1"]
[WhiteElo "1549"]
[BlackElo "1740"]
[PlyCount "130"]
[EventDate "2009.08.06"]
[EventType "swiss"]
[EventRounds "7"]
[EventCountry "FRA"]
[SourceTitle "EXT 2011"]
[Source "ChessBase"]
[SourceDate "2010.11.26"]
[SourceVersion "1"]
[SourceVersionDate "2010.11.26"]
[SourceQuality "1"]

1. Nf3 d5 2. d4 Nf6 3. Bf4 Bf5 4. Nbd2 e6 5. h3 Nbd7 6. c3 c5 7. e3 Be4 8. Be2 Be7 9. Nxe4 Nxe4 10. 0-0 0-0 11. Ne5 Bd6 12. Nxd7 Qxd7 13. Bxd6 Qxd6 14. Bd3 Nf6 15. Re1 cxd4 16. exd4 Rac8 17. Rc1 Rc7 18. Qd2 Rfc8 19. Rc2 Nd7 20. f4 Nb6 21. Qf2 Re7 22. Rce2 Nc4 23. f5 Ree8 24. Qh4 e5 25. dxe5 Nxe5 26. Bb1 f6 27. Qf2 Qc5 28. Qxc5 Rxc5 29. a4 Rc7 30. Re3 Rce7 31. Kf2 Kf8 32. b4 Rc8 33. Rd1 Rec7 34. Rxd5 Rxc3 35. Rd8+ Rxd8 36. Rxc3 Rd2+ 37. Kg3 Rb2 38. Rc8+ Ke7 39. Rc7+ Kd6 40. Rxb7 Rxb1 41. b5 g6 42. Rxh7 gxf5 43. Rxa7 Rb4 44. Kh2 Ke6 45. Ra6+ Kf7 46. b6 Kg6 47. a5 f4 48. Ra8 Rb5 49. Rg8+ Kf7 50. Ra8 Nc6 51. h4 Nxa5 52. Ra7+ Kg6 53. Ra6 Kf5 54. Ra8 Nc6 55. Ra6 Nb4 56. Ra7 Rxb6 57. Rg7 Rb8 58. Kh3 Rh8 59. Re7 Nd3 60. g3 f3 61. g4+ Kf4 62. h5 Nf2+ 63. Kh4 Nxg4 64. Re1 f2 65. Rf1 Kf3 0-1